| 000 | 00604nam a2200217 a 4500 | ||
|---|---|---|---|
| 999 |
_c4097 _d4097 |
||
| 001 | 4097 | ||
| 003 | BD-JhCC | ||
| 005 | 20180325164434.0 | ||
| 008 | 171122s1944 uk |||| |||| 000 0 eng d | ||
| 035 | _a(BD-JhCC) | ||
| 040 |
_aBD-JhCC _dBD-JhCC |
||
| 041 | _aeng | ||
| 082 |
_a338.040922 _bMCN 1944 |
||
| 100 | _aMcnicol, Harry | ||
| 245 |
_aSix men of business : _bRothschild, Reuter, Rhodes Cadbury, Carnegie, Rockefeller / _cHarry Mcnicol |
||
| 260 |
_aLondon : _bOxford University Press, _c1944 |
||
| 300 |
_a59 p. : _c14 cm. |
||
| 490 | _aLiving Names | ||
| 650 | _aBusiness men | ||
| 942 |
_2ddc _cBK |
||